| 000 | 00652cam a22002173a 4500 | ||
|---|---|---|---|
| 001 | 34725 | ||
| 003 | PGUSA | ||
| 005 | 20140828083741.0 | ||
| 008 | 101222s2010||||xxu|||||s|||||000 | eng d | ||
| 040 |
_aPGUSA _beng |
||
| 042 | _adc | ||
| 100 | 1 |
_aCouperus, Louis, _d1863-1923 |
|
| 245 | 1 | 4 |
_aThe Hidden Force : _bA Story of Modern Java _h[electronic resource] / _cLouis Couperus |
| 260 |
_bProject Gutenberg, _c2010 |
||
| 506 | _aPublic domain in the USA. | ||
| 516 | _aElectronic text | ||
| 700 | 1 |
_aTeixeira de Mattos, Alexander, _d1865-1921 |
|
| 830 | 0 |
_aProject Gutenberg _v34725 |
|
| 856 | 4 | 0 | _uhttp://www.gutenberg.org/ebooks/34725 |
| 942 | _cEB | ||
| 999 |
_c263980 _d263980 |
||